| 000 | 00307nam a22000977a 4500 | ||
|---|---|---|---|
| 008 | 170612b xxu||||| |||| 00| 0 eng d | ||
| 100 | _aWest, Richard | ||
| 245 | _a The whole world stamp catalog | ||
| 260 |
_aNew York _bCrescent Books _c1981 |
||
| 650 | _aCollecting | Catalogs and Price Lists | Agencies, Philatelic | ||
| 999 |
_c2425 _d2425 |
||